Départements Limitrophes de La Charente - Statistiques

Statistiques générales
  • Ce quiz a été pris 62 fois
  • Le résultat moyen est 5 sur 5
Statistiques - réponses
Départements % Correct
Charente-Maritime
100%
Haute-Vienne
97%
Deux-Sevres
95%
Dordogne
93%
Vienne
93%
Aucun quiz correspondant
Distribution des résultats
% des personnes avec chaque résultat
Percentile par nombre de réponses
Votre historique - résultats
Vous n’avez pas pris ce quiz